000 00356nam a22001457a 4500
020 _qHB.
040 _cFIZZA ISHAQ
082 _a643.1
_bNAR
100 _aTALY, NARENDRA .
_990138
245 _aDESIGN OF REINFORCED MASONRY STRUCTURE /
_cNARENDRA TALY.
250 _a2nd ED.
260 _bMC GRAW HILL.
_c2010.
300 _a1027 P. ;
942 _2ddc
_cBK
999 _c588499
_d588499